000 00311nam a2200133Ia 4500
008 240624s9999 xx 000 0 und d
041 _aeng
082 _a823 GREE
100 _aGREENSLADE FRANCES
245 _aSHELTER
260 _c2011
_aNew Delhi
_bVirago
300 _a376 : p. : cm. ; 22
365 _cRS
_b25
999 _c20003
_d20003